Normal view MARC view
  • LOURENCO B.PAULO ROCA PERE

Entry Personal Name

Number of records used in: 1

001 - CONTROL NUMBER

  • control field: 90195

003 - CONTROL NUMBER IDENTIFIER

  • control field: NUST

005 - DATE AND TIME OF LATEST TRANSACTION

  • control field: 20220304111628.0

008 - FIXED-LENGTH DATA ELEMENTS

  • fixed length control field: 220304|| aca||aabn | a|a d

040 ## - CATALOGING SOURCE

  • Original cataloging agency: NUST
  • Transcribing agency: NUST

100 ## - HEADING--PERSONAL NAME

  • Personal name: LOURENCO B.PAULO ROCA PERE

670 ## - SOURCE DATA FOUND

  • Source citation: Work cat.: (NUST): LOURENCO B.PAULO ROCA PERE., HISTORIC CONSTRUCTION AND CONSERVATION MATERIALS SYSTEMS AND DAMAGE /, 2019.
© 2023 Central Library, National University of Sciences and Technology. All Rights Reserved.